نقو ش حيا ت (Record no. 164052)
[ view plain ]
| 000 -LEADER | |
|---|---|
| fixed length control field | 00659nam a22001937a 4500 |
| 005 - DATE AND TIME OF LATEST TRANSACTION | |
| control field | 20190509111148.0 |
| 010 ## - LCCN (DPL NO) | |
| LC control number | UR-10083 |
| 020 ## - INTERNATIONAL STANDARD BOOK NUMBER | |
| Terms of availability | 300.00 |
| International Standard Book Number | - |
| 035 ## - SYSTEM CONTROL NUMBER | |
| System control number | U-8638 |
| 037 ## - SOURCE OF ACQUISITION | |
| Source of stock number/acquisition | DBAD/PUB |
| 082 ## - DEWEY DECIMAL CLASSIFICATION NUMBER | |
| Classification number | 808 |
| 100 ## - MAIN ENTRY--PERSONAL NAME | |
| Personal name | محمد شکيل ا ستھا ن و ی |
| 245 ## - TITLE STATEMENT | |
| Title | نقو ش حيا ت |
| Statement of responsibility, etc | محمد شکيل ا ستھا ن و ی |
| 246 ## - VARYING FORM OF TITLE | |
| Remainder of title | Nuqoosh-e-Hayat |
| Title proper/short title | by Mohd.Shakeel Asthanvi |
| 260 ## - PUBLICATION, DISTRIBUTION, ETC. (IMPRINT) | |
| Place of publication, distribution, etc | Delhi |
| Name of publisher, distributor, etc | Educational Publishing House |
| Date of publication, distribution, etc | 2017 ء |
| 270 ## - ADDRESS | |
| Address | 3191،Vakil Street,Kucha Pandit,Lal Kuan, |
| City | Delhi |
| Postal code | 110006 |
| Telephone number | 23216162 |
| Fax number | 00911123211540 |
| 300 ## - PHYSICAL DESCRIPTION | |
| Extent | 228ص |
| Dimensions | 22 Cm.(bk) |
| 942 ## - ADDED ENTRY ELEMENTS (KOHA) | |
| Source of classification or shelving scheme | Dewey Decimal Classification |
| Item type | Urdu Bks |
| Classification part | 808 |
| Call number suffix | ا س ت |
| Withdrawn status | Lost status | Not for loan | Collection code | Home library | Current library | Date acquired | Source of acquisition | Cost, normal purchase price | Full call number | Barcode | Copy number | Cost, replacement price | Koha item type |
|---|---|---|---|---|---|---|---|---|---|---|---|---|---|
| Not For Loan | Non-fiction | D.B.Act.Division | D.B.Act.Division | 09/05/2019 | DBAD/PUB | 300.00 | 808 ا س ت | U-8638 | 1 | 300.00 | Urdu Bks |
